Team leadership in Christian ministry : (Record no. 2127)

MARC details
000 -LEADER
fixed length control field 01487cam a2200361 a 4500
001 - CONTROL NUMBER
control field 4023698
003 - CONTROL NUMBER IDENTIFIER
control field GBCCL
005 - DATE AND TIME OF LATEST TRANSACTION
control field 20241126110418.0
008 - FIXED-LENGTH DATA ELEMENTS--GENERAL INFORMATION
fixed length control field 970225s1997 ilua b 001 0 eng
010 ## -
-- 97147270
020 ## - INTERNATIONAL STANDARD BOOK NUMBER
International Standard Book Number 0802490166
040 ## - CATALOGING SOURCE
Original cataloging agency DLC
Transcribing agency DLC
Modifying agency DLC
050 00 -
-- BV652.1
-- .G37 1997
082 00 - DEWEY DECIMAL CLASSIFICATION NUMBER
Classification number 253
Edition information 21
Item number GAN
100 1# - MAIN ENTRY--PERSONAL NAME
Personal name Gangel, Kenneth O.
9 (RLIN) 3296
245 10 - TITLE STATEMENT
Title Team leadership in Christian ministry :
Remainder of title using multiple gifts to build a unified vision /
Statement of responsibility, etc. Kenneth O. Gangel.
250 ## - EDITION STATEMENT
Edition statement Rev. ed.
260 ## - PUBLICATION, DISTRIBUTION, ETC.
Place of publication, distribution, etc. Chicago :
Name of publisher, distributor, etc. Moody Press,
Date of publication, distribution, etc. c1997.
300 ## - PHYSICAL DESCRIPTION
Extent 480 p. :
Other physical details ill. ;
Dimensions 24 cm.
500 ## - GENERAL NOTE
General note Rev. ed. of: Building leaders for church education. 1981.
504 ## - BIBLIOGRAPHY, ETC. NOTE
Bibliography, etc. note Includes bibliographical references (p. 467-474) and index.
650 #0 - SUBJECT ADDED ENTRY--TOPICAL TERM
Topical term or geographic name entry element Christian leadership.
9 (RLIN) 1568
650 #0 - SUBJECT ADDED ENTRY--TOPICAL TERM
Topical term or geographic name entry element Group ministry.
9 (RLIN) 4373
650 #0 - SUBJECT ADDED ENTRY--TOPICAL TERM
Topical term or geographic name entry element Church management.
9 (RLIN) 2876
650 #0 - SUBJECT ADDED ENTRY--TOPICAL TERM
Topical term or geographic name entry element Christian education.
9 (RLIN) 3220
700 1# - ADDED ENTRY--PERSONAL NAME
Personal name Gangel, Kenneth O.
Title of a work Building leaders for church education.
9 (RLIN) 4374
856 42 - ELECTRONIC LOCATION AND ACCESS
Materials specified Publisher description
Uniform Resource Identifier <a href="http://www.loc.gov/catdir/enhancements/fy0609/97147270-d.html">http://www.loc.gov/catdir/enhancements/fy0609/97147270-d.html</a>
856 42 - ELECTRONIC LOCATION AND ACCESS
Materials specified Contributor biographical information
Uniform Resource Identifier <a href="http://www.loc.gov/catdir/enhancements/fy1211/97147270-b.html">http://www.loc.gov/catdir/enhancements/fy1211/97147270-b.html</a>
856 41 - ELECTRONIC LOCATION AND ACCESS
Materials specified Table of contents only
Uniform Resource Identifier <a href="http://www.loc.gov/catdir/enhancements/fy1211/97147270-t.html">http://www.loc.gov/catdir/enhancements/fy1211/97147270-t.html</a>
906 ## - LOCAL DATA ELEMENT F, LDF (RLIN)
a 7
b cbc
c orignew
d 2
e ncip
f 19
g y-gencatlg
942 ## - ADDED ENTRY ELEMENTS (KOHA)
Source of classification or shelving scheme Dewey Decimal Classification
Koha item type Books
Koha issues (borrowed), all copies 4
Holdings
Withdrawn status Lost status Source of classification or shelving scheme Damaged status Not for loan Home library Current Library Shelving location Date acquired Total checkouts Full call number Barcode Date last seen Date last checked out Copy number Price effective from Koha item type
    Dewey Decimal Classification     GRACE BIBLE COLLEGE GRACE BIBLE COLLEGE Ministry & Mission 2017-07-06 4 253 GAN 005760 2025-05-01 2024-02-17 c.1 2017-07-06 Books
© Grace Bible College Library 2025